000 00695nam a2200289Ia 4500
005 20260324140921.0
008 008 260324s9999 xx 000 0 eng d
020 _a9780203074008
037 _aEBOOK
040 _aCRL
040 _beng
040 _cCRL
041 _2eng
041 _aeng
084 _qCRL
100 _aJim Slater; Roger Strange; Limin Wang
_91206226
245 0 _aTrade and Investment in China
245 4 _bThe European Experience
260 _bTaylor and Francis
260 _c1998
365 _a
365 _b315
856 _uhttp://www.taylorfrancis.com/books/9780203074008
942 _cEBOOK
999 _c1808780
_d1808780